Normal view
MARC view
Entry Corporate Name
001 - CONTROL NUMBER
- control field: 379638
003 - CONTROL NUMBER IDENTIFIER
- control field: OSt
005 - DATE AND TIME OF LATEST TRANSACTION
- control field: 20220927110650.0
008 - FIXED-LENGTH DATA ELEMENTS
- fixed length control field: 220927|| aca||aabn | a|a d
040 ## - CATALOGING SOURCE
- Original cataloging agency: OSt
- Transcribing agency: OSt
110 ## - HEADING--CORPORATE NAME
- Corporate name or jurisdiction name as entry element: India Labour (National Commission) Construction Industry(Study group on-). (Chairman: Bagaram Tuepule)
670 ## - SOURCE DATA FOUND
- Source citation: Work cat.: (OSt)697553: India Labour (National Commission) Construction Industry(Study group on-). (Chairman: Bagaram Tuepule), Report.
